000 01081nam a2200205Ia 4500
008 191128s1991 ck fr 000 0 spa d
040 _aCO-JMCR
_cCO-JMCR
041 0 _aspa
082 0 4 _a338.9861 /
_bA837s
_223
110 1 _aColombia.
_bAsociación Nacional de Instituciones Financieras
_96016
245 1 0 _aSubsiste el futuro :
_bconstitución y política económica /
_cAsociación Nacional de Instituciones Financieras
260 _aCali :
_bAsociación Nacional de Instituciones Financieras,
_c1991
300 _a146 páginas ;
_c23 cm.
505 0 _aNecesidad de preservar las condiciones para el desarrollo -- Discurso del Señor Presidente de la República -- Aspectos económicos del orden constitucional -- La economía en la reforma constitucional -- La propuesta económica de la alianza democratica M-19
650 1 4 _aReformas constitucionales
_xaspectos económicos
_zColombia
_97650
650 1 4 _aEstabilización económica
_zColombia
_97651
650 1 4 _aMercado de capitales
_zColombia
_97652
651 4 _aColombia
_xpolítica económica
_96872
942 _2ddc
_cBK
999 _c5623
_d5623